书目信息 |
| 题名: |
电子电路集
|
|
| 作者: | 万晓松 , 张广川 编译 | |
| 分册: | 第四集 | |
| 出版信息: | 北京 人民邮电出版社 1987 |
|
| 页数: | 321页 | |
| 开本: | 20cm | |
| 丛书名: | ||
| 单 册: | ||
| 中图分类: | TN710-64 , TN7 | |
| 科图分类: | ||
| 主题词: | 电子电路-电路图 , 电路图-电子电路 , 电子电路 | |
| 电子资源: | ||
| ISBN: | ||
| 000 | 00782nam0 2200289 45 | |
| 001 | 0187006204 | |
| 005 | 20040906093415.0 | |
| 010 | @dCNY2.20 | |
| 091 | @a15045.总3452-无6423 | |
| 100 | @a19900830d1987 emky0chiy0121 ea | |
| 101 | 0 | @achi |
| 102 | @aCN@b110000 | |
| 105 | @af z 000yy | |
| 106 | @ar | |
| 200 | 10 | @a电子电路集@Adian zi dian lu ji@h第四集@f万晓松, 张广川编译 |
| 210 | @a北京@c人民邮电出版社@d1987 | |
| 215 | @a321页@c图@d20cm | |
| 606 | @a电子电路-电路图 | |
| 606 | @a电路图-电子电路 | |
| 606 | 0 | @a电子电路 |
| 690 | @aTN710-64@v3 | |
| 690 | @aTN7@v3 | |
| 701 | 0 | @a万晓松@Awan xiao song@4编译 |
| 701 | 0 | @a张广川@Azhang guang chuan@4编译 |
| 801 | 0 | @aCN@b深圳图书馆@c20040518 |
| 801 | 2 | @aCN@bNLC@c20040518 |
| 905 | @dTN7@e33:4@f1@b204113 | |
| 电子电路集.第四集/万晓松, 张广川编译.-北京:人民邮电出版社,1987 |
| 321页:图;20cm |
| ISBN :CNY2.20 |
| ● |
| 相关链接 |
|
|
|
|
正题名:电子电路集
索取号:TN7/33:4
 
预约/预借
| 序号 | 登录号 | 条形码 | 馆藏地/架位号 | 状态 | 备注 |
| 1 | 0204112 | 001355795 | 第三借阅区/ [索取号:TN7/33:4] | 在馆 | |
| 2 | 0204113 | 001946265 | 密集书库/ [索取号:TN7/33:4] | 在馆 | |
| 3 | 0204114 | 001355839 | 第二样本阅览室/ [索取号:TN7/33:4] | 在馆 |